[Event "XXII. DBMM Schach"]
[Site "Dresden"]
[Date "2024.01.18"]
[Round "1.2"]
[Board "2"]
[White "Rath, Alina"]
[Black "Garbe, Maximilian"]
[Result "1-0"]
[WhiteElo "2140"]
[BlackElo "1920"]
[Annotator "brss"]
[PlyCount "49"]
[GameId "489223816384"]
[EventDate "2024.01.18"]
[EventType "team-swiss"]
[EventRounds "7"]
[EventCountry "GER"]
[Tiebreak "Buchholz"]
[SourceTitle "XXII. DBMM Schach"]
[Source "FV Schach e.V."]
[SourceDate "2024.01.21"]
[SourceVersion "1"]
[SourceVersionDate "2024.01.21"]
[SourceQuality "1"]
[WhiteTeam "SV Osram Berlin"]
[BlackTeam "DZ Bank Frankfurt"]
[WhiteTeamCountry "GER"]
[BlackTeamCountry "GER"]

1. c4 d6 2. Nc3 Nf6 3. g3 g6 4. Bg2 Bg7 5. e4 e5 6. Nge2 Be6 7. d3 c6 8. O-O Nbd7 9. h3 h5 10. Be3 h4 11. g4 Qe7 12. Rb1 Bxg4 13. hxg4 Nxg4 14. Bc1 f5 15. Bh3 Ndf6 16. f3 Nh6 17. Kh1 f4 18. Rg1 Kf7 19. Bxf4 Nh5 20. Be3 Qf6 21. Qf1 Nf4 22. Nxf4 exf4 23. Bd2 g5 24. Qg2 Kg6 25. Ne2 1-0

[Event "XXII. DBMM Schach"]
[Site "Dresden"]
[Date "2024.01.18"]
[Round "1.3"]
[Board "3"]
[White "Bluemer, Timo"]
[Black "Eisermann, Daniel"]
[Result "0-1"]
[WhiteElo "1200"]
[BlackElo "2014"]
[Annotator "brss"]
[PlyCount "102"]
[GameId "489223816385"]
[EventDate "2024.01.18"]
[EventType "team-swiss"]
[EventRounds "7"]
[EventCountry "GER"]
[Tiebreak "Buchholz"]
[SourceTitle "XXII. DBMM Schach"]
[Source "FV Schach e.V."]
[SourceDate "2024.01.21"]
[SourceVersion "1"]
[SourceVersionDate "2024.01.21"]
[SourceQuality "1"]
[WhiteTeam "DZ Bank Frankfurt"]
[BlackTeam "SV Osram Berlin"]
[WhiteTeamCountry "GER"]
[BlackTeamCountry "GER"]

1. e4 e5 2. Nf3 Nc6 3. Bb5 a6 4. Ba4 d6 5. O-O Bd7 6. c3 Nf6 7. Re1 g6 8. d3 b5 9. Bb3 Bg7 10. Nbd2 O-O 11. Nf1 Qc8 12. Ng3 Rb8 13. Nh4 Na5 14. Bc2 c5 15. f4 Bg4 16. Nf3 Nc6 17. h3 Bd7 18. Qe2 Re8 19. Qf2 b4 20. fxe5 Nxe5 21. Nxe5 dxe5 22. Bg5 Qc6 23. Rf1 Rb6 24. cxb4 cxb4 25. Ba4 Qe6 26. Bb3 Qd6 27. Rac1 h6 28. Be3 Rb7 29. Qd2 Bb5 30. Bxh6 Qxd3 31. Qxd3 Bxd3 32. Bxg7 Kxg7 33. Rfe1 Ree7 34. Bc4 Rbd7 35. Bxd3 Rxd3 36. Kf2 Re6 37. Re3 Rd2+ 38. Re2 Rd4 39. Rc7 Rb6 40. Rc5 Nd7 41. Rcc2 b3 42. axb3 Rxb3 43. Re3 Rdb4 44. Ree2 Nb6 45. Rc5 Nc4 46. Rc2 Nxb2 47. Ra5 Nd1+ 48. Ke1 Ne3 49. Rca2 Nc4 50. Ne2 Nxa5 51. Rxa5 Rxe4 0-1

[Event "XXII. DBMM Schach"]
[Site "Dresden"]
[Date "2024.01.18"]
[Round "1.4"]
[Board "4"]
[White "Gebert Vangeel, Ralf"]
[Black "Diehl, Stefan"]
[Result "0-1"]
[WhiteElo "2007"]
[BlackElo "1830"]
[Annotator "brss"]
[PlyCount "66"]
[GameId "489223816386"]
[EventDate "2024.01.18"]
[EventType "team-swiss"]
[EventRounds "7"]
[EventCountry "GER"]
[Tiebreak "Buchholz"]
[SourceTitle "XXII. DBMM Schach"]
[Source "FV Schach e.V."]
[SourceDate "2024.01.21"]
[SourceVersion "1"]
[SourceVersionDate "2024.01.21"]
[SourceQuality "1"]
[WhiteTeam "SV Osram Berlin"]
[BlackTeam "DZ Bank Frankfurt"]
[WhiteTeamCountry "GER"]
[BlackTeamCountry "GER"]

1. e4 c6 2. d4 d5 3. e5 c5 4. Nf3 Bg4 5. Be2 Nc6 6. c3 e6 7. Qa4 Bxf3 8. gxf3 Qb6 9. dxc5 Bxc5 10. O-O Nh6 11. b4 Be7 12. Be3 Qd8 13. f4 O-O 14. b5 Na5 15. Nd2 Nf5 16. Nf3 Nxe3 17. fxe3 Qb6 18. Nd4 Rac8 19. Rac1 Nc4 20. Bxc4 Rxc4 21. Qb3 Rfc8 22. Rfd1 Bc5 23. Rd3 Qd8 24. Qd1 Qh4 25. Qf3 Qh6 26. Qg3 Qg6 27. Qxg6 hxg6 28. Kf2 Kf8 29. Ke2 Ke7 30. Kd2 Rh8 31. Nf3 Rh3 32. Ke2 f6 33. Kf2 Rxf4 0-1

[Event "XXII. DBMM Schach"]
[Site "Dresden"]
[Date "2024.01.18"]
[Round "1.1"]
[Board "1"]
[White "Sawatzki, Frank"]
[Black "Wirth, Steffen"]
[Result "1-0"]
[WhiteElo "2347"]
[BlackElo "1826"]
[Annotator "brss"]
[PlyCount "167"]
[GameId "489223816387"]
[EventDate "2024.01.18"]
[EventType "team-swiss"]
[EventRounds "7"]
[EventCountry "GER"]
[Tiebreak "Buchholz"]
[SourceTitle "XXII. DBMM Schach"]
[Source "FV Schach e.V."]
[SourceDate "2024.01.21"]
[SourceVersion "1"]
[SourceVersionDate "2024.01.21"]
[SourceQuality "1"]
[WhiteTeam "BA Nord/Baubehoerde Hamburg"]
[BlackTeam "Gardez Robe Berlin II"]
[WhiteTeamCountry "GER"]
[BlackTeamCountry "GER"]

1. e4 c5 2. Nf3 e6 3. d4 cxd4 4. Nxd4 Nc6 5. Nc3 Qc7 6. Qd3 a6 7. Nxc6 bxc6 8. Qg3 Qxg3 9. hxg3 d5 10. g4 Bc5 11. Bd3 Nf6 12. f3 d4 13. Na4 Ba7 14. Bf4 Bb8 15. Bxb8 Rxb8 16. O-O-O e5 17. Nc5 Nd7 18. Nxd7 Kxd7 19. Rh5 Ke6 20. Rdh1 Kf6 21. g5+ Ke7 22. Rxh7 Rxh7 23. Rxh7 Be6 24. g6 Kf6 25. gxf7 Bxf7 26. b3 a5 27. g3 Kg6 28. Rh1 a4 29. f4 axb3 30. axb3 Kf6 31. Rh7 Kg6 32. Rh4 Kf6 33. Kd2 Ra8 34. Rh1 Ra2 35. Rb1 c5 36. Bc4 Bxc4 37. bxc4 exf4 38. gxf4 Ra3 39. Rb6+ Kf7 40. Rc6 Re3 41. Rxc5 Rxe4 42. f5 Kf6 43. Kd3 Rf4 44. Rd5 Rxf5 45. Kxd4 g5 46. c5 Rxd5+ 47. Kxd5 Ke7 48. Kc6 g4 49. Kb7 g3 50. c6 g2 51. c7 g1=Q 52. c8=Q Qb1+ 53. Ka8 Kd6 54. Qf8+ Kc7 55. Qe7+ Kc6 56. Qe6+ Kc7 57. Qc4+ Kd7 58. Qd5+ Kc7 59. Qc5+ Kd7 60. c4 Qh1+ 61. Ka7 Qc6 62. Qd4+ Kc7 63. Qf4+ Kc8 64. Qf5+ Kc7 65. Qa5+ Kc8 66. Qb5 Kc7 67. Qa5+ Kc8 68. Qf5+ Kc7 69. Qb5 Kd6 70. Qb6 Kd7 71. c5 Qc7+ 72. Qb7 Kd8 73. c6 Qa5+ 74. Kb8 Qe5+ 75. c7+ Kd7 76. Qc8+ Kc6 77. Qa6+ Kd7 78. Qa4+ Ke7 79. Qb4+ Kd7 80. Qd2+ Kc6 81. Qh6+ Kd7 82. Qh7+ Kc6 83. Qg6+ Kd7 84. Qf5+ 1-0

[Event "XXII. DBMM Schach"]
[Site "Dresden"]
[Date "2024.01.18"]
[Round "1.2"]
[Board "2"]
[White "Humke, Andreas"]
[Black "Hohlfeld, Wolfgang"]
[Result "1-0"]
[WhiteElo "1919"]
[BlackElo "2041"]
[Annotator "brss"]
[PlyCount "125"]
[GameId "489223816388"]
[EventDate "2024.01.18"]
[EventType "team-swiss"]
[EventRounds "7"]
[EventCountry "GER"]
[Tiebreak "Buchholz"]
[SourceTitle "XXII. DBMM Schach"]
[Source "FV Schach e.V."]
[SourceDate "2024.01.21"]
[SourceVersion "1"]
[SourceVersionDate "2024.01.21"]
[SourceQuality "1"]
[WhiteTeam "Gardez Robe Berlin II"]
[BlackTeam "BA Nord/Baubehoerde Hamburg"]
[WhiteTeamCountry "GER"]
[BlackTeamCountry "GER"]

1. e4 c5 2. Nf3 d6 3. c4 Nf6 4. Nc3 g6 5. d4 cxd4 6. Nxd4 Bg7 7. Be2 O-O 8. O-O Nc6 9. Be3 Nxd4 10. Bxd4 Be6 11. f3 a6 12. Nd5 Rc8 13. Nxf6+ exf6 14. b3 f5 15. exf5 Bxf5 16. Bxg7 Kxg7 17. Qd4+ Qf6 18. Rad1 Qxd4+ 19. Rxd4 Rfe8 20. Kf2 Rc5 21. Rfd1 Bd7 22. Rxd6 Bc6 23. b4 Rce5 24. Bf1 g5 25. R1d2 R8e7 26. c5 Re3 27. Bxa6 g4 28. Be2 gxf3 29. gxf3 Ra3 30. b5 Be8 31. R6d3 Ra5 32. Rb3 Re5 33. Re3 Rxe3 34. Kxe3 Bxb5 35. Bxb5 Rxb5 36. Kd4 Kf6 37. Kc4 Ra5 38. Kb4 Ra8 39. Kb5 Ra3 40. Kb6 Rc3 41. a4 Rb3+ 42. Kc7 Rb4 43. Rd6+ Ke7 44. Rd3 Ke6 45. Rd6+ Ke5 46. Rb6 Rxa4 47. Kxb7 Rc4 48. c6 Kd6 49. Rb3 Rc2 50. Rd3+ Ke7 51. c7 Rb2+ 52. Kc8 Rxh2 53. Re3+ Kf6 54. f4 Kf5 55. Re7 Kf6 56. Kd8 Rc2 57. Rd7 h5 58. Rd5 h4 59. c8=Q Rxc8+ 60. Kxc8 Kg6 61. Rg5+ Kh6 62. Kd7 h3 63. Rg3 1-0

[Event "XXII. DBMM Schach"]
[Site "Dresden"]
[Date "2024.01.18"]
[Round "1.3"]
[Board "3"]
[White "Hein, Ralf"]
[Black "Stamatow, Christian"]
[Result "1/2-1/2"]
[WhiteElo "2018"]
[BlackElo "1843"]
[Annotator "brss"]
[PlyCount "110"]
[GameId "489223816389"]
[EventDate "2024.01.18"]
[EventType "team-swiss"]
[EventRounds "7"]
[EventCountry "GER"]
[Tiebreak "Buchholz"]
[SourceTitle "XXII. DBMM Schach"]
[Source "FV Schach e.V."]
[SourceDate "2024.01.21"]
[SourceVersion "1"]
[SourceVersionDate "2024.01.21"]
[SourceQuality "1"]
[WhiteTeam "BA Nord/Baubehoerde Hamburg"]
[BlackTeam "Gardez Robe Berlin II"]
[WhiteTeamCountry "GER"]
[BlackTeamCountry "GER"]

1. e4 e5 2. Nf3 Nc6 3. d4 exd4 4. Nxd4 Qf6 5. c3 Bc5 6. Be3 Nge7 7. Be2 O-O 8. O-O Qe5 9. Nf3 Qd6 10. Qxd6 Bxd6 11. Nbd2 Ng6 12. g3 Re8 13. Rad1 Bf8 14. Nd4 Nxd4 15. cxd4 d6 16. Kg2 Bd7 17. Rc1 c6 18. f4 f5 19. e5 Be6 20. Bc4 Rad8 21. Nf3 Bxc4 22. Rxc4 Ne7 23. Rfc1 Nd5 24. Bf2 Rd7 25. Re1 h6 26. a3 g6 27. Rc2 Re6 28. Rce2 Kg7 29. Nd2 Nb6 30. h3 Kf7 31. Kf3 Kg8 32. g4 Rf7 33. Kg3 Kh7 34. Nb1 Nd5 35. Nc3 Nxc3 36. bxc3 d5 37. a4 b5 38. axb5 cxb5 39. Ra1 a6 40. Rea2 Rc7 41. Be1 Rcc6 42. Kf3 Be7 43. h4 h5 44. g5 Kg7 45. Ke3 Kf7 46. Kd3 Ke8 47. Bd2 Kd7 48. Bc1 Kc7 49. Ba3 Bxa3 50. Rxa3 Kb7 51. Kd2 Rc4 52. Rb1 Kb6 53. Rb4 Rc7 54. Rab3 Ka5 55. Rb1 Kb6 1/2-1/2

[Event "XXII. DBMM Schach"]
[Site "Dresden"]
[Date "2024.01.18"]
[Round "1.4"]
[Board "4"]
[White "Wittkowski, Ralf"]
[Black "Buchholz, Robert"]
[Result "1/2-1/2"]
[WhiteElo "1780"]
[BlackElo "1953"]
[Annotator "brss"]
[PlyCount "89"]
[GameId "489223816390"]
[EventDate "2024.01.18"]
[EventType "team-swiss"]
[EventRounds "7"]
[EventCountry "GER"]
[Tiebreak "Buchholz"]
[SourceTitle "XXII. DBMM Schach"]
[Source "FV Schach e.V."]
[SourceDate "2024.01.21"]
[SourceVersion "1"]
[SourceVersionDate "2024.01.21"]
[SourceQuality "1"]
[WhiteTeam "Gardez Robe Berlin II"]
[BlackTeam "BA Nord/Baubehoerde Hamburg"]
[WhiteTeamCountry "GER"]
[BlackTeamCountry "GER"]

1. e4 d5 2. exd5 Nf6 3. Nf3 Nxd5 4. d4 Bg4 5. Be2 e6 6. O-O Nc6 7. a4 Be7 8. c3 O-O 9. a5 a6 10. Be3 Bf6 11. Nbd2 Bf5 12. Nc4 Nce7 13. Nce5 Ng6 14. Bc1 Ndf4 15. Bc4 Be4 16. Nxg6 Nxg6 17. Re1 Bf5 18. Qb3 Rb8 19. h3 h5 20. Be3 Ne7 21. Rad1 Nd5 22. Bc1 c6 23. Qa2 Qc7 24. Bf1 Rbd8 25. Ne5 Bxe5 26. Rxe5 Ne7 27. b4 Qxe5 28. dxe5 Rxd1 29. Be3 Bd3 30. Bc5 Rxf1+ 31. Kh2 Nd5 32. Bxf8 Kxf8 33. Qd2 Bc4 34. Qd4 Bb5 35. c4 Bxc4 36. Qxc4 Rb1 37. Qh4 g6 38. g4 hxg4 39. hxg4 Rxb4 40. Qh8+ Ke7 41. Kg3 c5 42. Qb8 c4 43. Qd6+ Ke8 44. Qb8+ Kd7 45. Qd6+ 1/2-1/2

[Event "XXII. DBMM Schach"]
[Site "Dresden"]
[Date "2024.01.18"]
[Round "1.1"]
[Board "1"]
[White "Raum, Norbert"]
[Black "Bressler, Patrick"]
[Result "0-1"]
[WhiteElo "1842"]
[BlackElo "2073"]
[Annotator "brss"]
[PlyCount "112"]
[GameId "489223816391"]
[EventDate "2024.01.18"]
[EventType "team-swiss"]
[EventRounds "7"]
[EventCountry "GER"]
[Tiebreak "Buchholz"]
[SourceTitle "XXII. DBMM Schach"]
[Source "FV Schach e.V."]
[SourceDate "2024.01.21"]
[SourceVersion "1"]
[SourceVersionDate "2024.01.21"]
[SourceQuality "1"]
[WhiteTeam "BA Nord/Baubehoerde Hamburg II"]
[BlackTeam "Gardez Robe Berlin"]
[WhiteTeamCountry "GER"]
[BlackTeamCountry "GER"]

1. d4 Nf6 2. Nc3 d6 3. Nf3 Nbd7 4. Bf4 g6 5. Qd2 c6 6. e4 b5 7. a3 Nb6 8. Rd1 Bg7 9. h3 O-O 10. Bh6 Re8 11. Bxg7 Kxg7 12. Be2 a5 13. e5 Nfd5 14. Nxd5 Nxd5 15. O-O h6 16. c4 bxc4 17. Bxc4 Be6 18. Bxd5 Bxd5 19. Qe3 Rb8 20. b4 axb4 21. axb4 Rxb4 22. Rb1 Rb8 23. Rfe1 Qd7 24. Rxb8 Rxb8 25. exd6 exd6 26. Nd2 Rb4 27. Rb1 Qb7 28. Rxb4 Qxb4 29. f3 c5 30. dxc5 Qxc5 31. Kf2 Kf6 32. g3 g5 33. Qxc5 dxc5 34. Ke3 Ke5 35. Nb1 h5 36. Nc3 Bc6 37. f4+ gxf4+ 38. gxf4+ Kf5 39. Ne2 h4 40. Ng1 Bb7 41. Ne2 Ba6 42. Ng1 Bb7 43. Ne2 Bg2 44. Ng1 c4 45. Kf2 Bb7 46. Ke3 Be4 47. Ne2 Bg2 48. Nd4+ Kf6 49. Kd2 Bxh3 50. Kc3 Bf1 51. Nf3 h3 52. Nh2 Bd3 53. Kd4 Kf5 54. Ke3 Be4 55. Nf1 Bg2 56. Ng3+ Kg4 0-1

[Event "XXII. DBMM Schach"]
[Site "Dresden"]
[Date "2024.01.18"]
[Round "1.2"]
[Board "2"]
[White "Weiss, Christian"]
[Black "Kaliski, Achim"]
[Result "1/2-1/2"]
[WhiteElo "2109"]
[BlackElo "1950"]
[Annotator "brss"]
[PlyCount "50"]
[GameId "489223816392"]
[EventDate "2024.01.18"]
[EventType "team-swiss"]
[EventRounds "7"]
[EventCountry "GER"]
[Tiebreak "Buchholz"]
[SourceTitle "XXII. DBMM Schach"]
[Source "FV Schach e.V."]
[SourceDate "2024.01.21"]
[SourceVersion "1"]
[SourceVersionDate "2024.01.21"]
[SourceQuality "1"]
[WhiteTeam "Gardez Robe Berlin"]
[BlackTeam "BA Nord/Baubehoerde Hamburg II"]
[WhiteTeamCountry "GER"]
[BlackTeamCountry "GER"]

1. e4 e5 2. Nf3 Nf6 3. Nc3 Nc6 4. d4 exd4 5. Nd5 d6 6. Nxd4 Bd7 7. Bc4 Be7 8. O-O O-O 9. f3 Nxd5 10. Bxd5 Nxd4 11. Qxd4 Bf6 12. Qd3 Be6 13. c3 Bxd5 14. Qxd5 c6 15. Qb3 Qb6+ 16. Qxb6 axb6 17. Be3 b5 18. a3 Rfd8 19. Rad1 Kf8 20. Rd2 Rd7 21. Rfd1 Be7 22. Kf2 f6 23. Bc5 Rad8 24. Bb6 Ra8 25. Bc5 Rad8 1/2-1/2

[Event "XXII. DBMM Schach"]
[Site "Dresden"]
[Date "2024.01.18"]
[Round "1.3"]
[Board "3"]
[White "Lindemann, Thomas"]
[Black "Hoffmann, Michael"]
[Result "0-1"]
[WhiteElo "1537"]
[BlackElo "1977"]
[Annotator "brss"]
[PlyCount "59"]
[GameId "489223816395"]
[EventDate "2024.01.18"]
[EventType "team-swiss"]
[EventRounds "7"]
[EventCountry "GER"]
[Tiebreak "Buchholz"]
[SourceTitle "XXII. DBMM Schach"]
[Source "FV Schach e.V."]
[SourceDate "2024.01.21"]
[SourceVersion "1"]
[SourceVersionDate "2024.01.21"]
[SourceQuality "1"]
[WhiteTeam "BA Nord/Baubehoerde Hamburg II"]
[BlackTeam "Gardez Robe Berlin"]
[WhiteTeamCountry "GER"]
[BlackTeamCountry "GER"]

1. e4 c5 2. Nf3 Nc6 3. c3 e5 4. a4 Nf6 5. Qc2 Be7 6. Bc4 O-O 7. O-O d5 8. exd5 Nxd5 9. Re1 Bf6 10. Qe4 Nde7 11. g4 Ng6 12. d3 Be6 13. b3 Qd7 14. h3 Rad8 15. Rd1 Rfe8 16. Bg5 Bxg5 17. Nxg5 Bxc4 18. bxc4 h6 19. Nf3 Nf4 20. Kh2 Nd5 21. Rd2 Qc7 22. Na3 Nf4 23. Nb5 Qe7 24. Rb2 g6 25. h4 Qe6 26. Rg1 Rd7 27. Rg3 Red8 28. h5 g5 29. Na3 b6 30. Nb1 {. Ab Zug 31 S nicht rekonstruierbar.} 0-1

[Event "XXII. DBMM Schach"]
[Site "Dresden"]
[Date "2024.01.18"]
[Round "1.4"]
[Board "4"]
[White "Nickel, Arno"]
[Black "Mahler, Sonja"]
[Result "1-0"]
[WhiteElo "2071"]
[BlackElo "1428"]
[Annotator "brss"]
[PlyCount "85"]
[GameId "489223816396"]
[EventDate "2024.01.18"]
[EventType "team-swiss"]
[EventRounds "7"]
[EventCountry "GER"]
[Tiebreak "Buchholz"]
[SourceTitle "XXII. DBMM Schach"]
[Source "FV Schach e.V."]
[SourceDate "2024.01.21"]
[SourceVersion "1"]
[SourceVersionDate "2024.01.21"]
[SourceQuality "1"]
[WhiteTeam "Gardez Robe Berlin"]
[BlackTeam "BA Nord/Baubehoerde Hamburg II"]
[WhiteTeamCountry "GER"]
[BlackTeamCountry "GER"]

1. d4 d5 2. Bf4 c6 3. Nc3 Nf6 4. Nf3 Qa5 5. g3 Bf5 6. b4 Qd8 7. Nh4 Bg4 8. h3 Bd7 9. e3 a5 10. b5 a4 11. Qd2 e6 12. Nf3 h6 13. Bd3 c5 14. O-O c4 15. Be2 Nh7 16. Rfb1 Ng5 17. Ne5 Bc8 18. e4 Be7 19. Qe3 Bf6 20. exd5 Nd7 21. dxe6 Nb6 22. exf7+ Kf8 23. Ng6+ Kxf7 24. Nxh8+ Qxh8 25. Be5 Bf5 26. Bxf6 gxf6 27. Bh5+ Kf8 28. Re1 Kg8 29. h4 Ne6 30. d5 Ng7 31. Bf3 Nd7 32. Qe7 Re8 33. Qd6 Rf8 34. g4 Bxc2 35. Qxd7 f5 36. d6 fxg4 37. Bd5+ Kh7 38. Qxg4 Bf5 39. Be4 Rg8 40. Kh1 Rf8 41. Bxf5+ Rxf5 42. Re7 Rf6 43. Rg1 1-0

[Event "XXII. DBMM Schach"]
[Site "Dresden"]
[Date "2024.01.18"]
[Round "1.2"]
[Board "2"]
[White "Schimmele, Alexander"]
[Black "Felten, Joachim"]
[Result "1/2-1/2"]
[WhiteElo "1969"]
[BlackElo "2096"]
[Annotator "br"]
[PlyCount "34"]
[GameId "489223816398"]
[EventDate "2024.01.18"]
[EventType "team-swiss"]
[EventRounds "7"]
[EventCountry "GER"]
[Tiebreak "Buchholz"]
[SourceTitle "XXII. DBMM Schach"]
[Source "FV Schach e.V."]
[SourceDate "2024.01.21"]
[SourceVersion "1"]
[SourceVersionDate "2024.01.21"]
[SourceQuality "1"]
[WhiteTeam "SV Sparkassenversicherung Suttgart"]
[BlackTeam "BWVL Hamburg"]
[WhiteTeamCountry "GER"]
[BlackTeamCountry "GER"]

1. e4 e6 2. d4 d5 3. exd5 exd5 4. Nf3 Nc6 5. Bd3 Bd6 6. O-O Nge7 7. c3 O-O 8. Qc2 g6 9. Bh6 Re8 10. Bg5 Kg7 11. Qd2 f6 12. Bh6+ Kf7 13. Re1 Bg4 14. Nh4 Qd7 15. c4 Nxd4 16. Nc3 c6 17. cxd5 cxd5 1/2-1/2

[Event "XXII. DBMM Schach"]
[Site "Dresden"]
[Date "2024.01.18"]
[Round "1.3"]
[Board "3"]
[White "Limbach, Torsten"]
[Black "Kecker, Christopher"]
[Result "1-0"]
[WhiteElo "1980"]
[BlackElo "1564"]
[Annotator "br"]
[PlyCount "47"]
[GameId "489223816399"]
[EventDate "2024.01.18"]
[EventType "team-swiss"]
[EventRounds "7"]
[EventCountry "GER"]
[Tiebreak "Buchholz"]
[SourceTitle "XXII. DBMM Schach"]
[Source "FV Schach e.V."]
[SourceDate "2024.01.21"]
[SourceVersion "1"]
[SourceVersionDate "2024.01.21"]
[SourceQuality "1"]
[WhiteTeam "BWVL Hamburg"]
[BlackTeam "SV Sparkassenversicherung Suttgart"]
[WhiteTeamCountry "GER"]
[BlackTeamCountry "GER"]

1. c4 e5 2. g3 Nf6 3. Bg2 Bc5 4. Nc3 O-O 5. e3 d6 6. Nge2 Nc6 7. a3 a5 8. O-O Bd7 9. h3 Qc8 10. Kh2 Ne7 11. d4 exd4 12. exd4 Ba7 13. Bg5 Bf5 14. Qd2 Re8 15. Bxf6 gxf6 16. Nf4 Bg6 17. Nfd5 Kg7 18. Nxe7 Rxe7 19. Nd5 Re8 20. Rfe1 Qd7 21. Qf4 f5 22. Qh4 Re6 23. Rxe6 Qxe6 24. Nxc7 1-0

[Event "XXII. DBMM Schach"]
[Site "Dresden"]
[Date "2024.01.18"]
[Round "1.4"]
[Board "4"]
[White "Zeger, Detlef"]
[Black "Hartmann, Jens"]
[Result "0-1"]
[WhiteElo "1200"]
[BlackElo "1817"]
[Annotator "br"]
[PlyCount "66"]
[GameId "489223816400"]
[EventDate "2024.01.18"]
[EventType "team-swiss"]
[EventRounds "7"]
[EventCountry "GER"]
[Tiebreak "Buchholz"]
[SourceTitle "XXII. DBMM Schach"]
[Source "FV Schach e.V."]
[SourceDate "2024.01.21"]
[SourceVersion "1"]
[SourceVersionDate "2024.01.21"]
[SourceQuality "1"]
[WhiteTeam "SV Sparkassenversicherung Suttgart"]
[BlackTeam "BWVL Hamburg"]
[WhiteTeamCountry "GER"]
[BlackTeamCountry "GER"]

1. e4 e5 2. f3 Nf6 3. g4 g6 4. d3 d5 5. Bg5 Be7 6. d4 dxe4 7. dxe5 Qxd1+ 8. Kxd1 Nd5 9. Bxe7 Kxe7 10. Bc4 Ne3+ 11. Kc1 Nxc4 12. b3 Nxe5 13. Ne2 exf3 14. Rf1 fxe2 15. Re1 Bxg4 16. Nc3 c6 17. Nxe2 Bxe2 18. Rxe2 f6 19. Kb2 Nbd7 20. Rae1 Rhe8 21. h3 Rad8 22. Rd2 Nb6 23. Rf2 c5 24. Ref1 Rd6 25. h4 c4 26. Rg2 cxb3 27. cxb3 Red8 28. h5 g5 29. Rc1 Rd2+ 30. Rxd2 Rxd2+ 31. Kc3 Rxa2 32. Re1 Nd5+ 33. Kd4 Kd6 0-1

[Event "XXII. DBMM Schach"]
[Site "Dresden"]
[Date "2024.01.18"]
[Round "1.1"]
[Board "1"]
[White "Spory, Rayk"]
[Black "Zahn, Fabian"]
[Result "1/2-1/2"]
[WhiteElo "1722"]
[BlackElo "1983"]
[Annotator "br"]
[PlyCount "41"]
[GameId "489223816401"]
[EventDate "2024.01.18"]
[EventType "team-swiss"]
[EventRounds "7"]
[EventCountry "GER"]
[Tiebreak "Buchholz"]
[SourceTitle "XXII. DBMM Schach"]
[Source "FV Schach e.V."]
[SourceDate "2024.01.21"]
[SourceVersion "1"]
[SourceVersionDate "2024.01.21"]
[SourceQuality "1"]
[WhiteTeam "Berliner Volksbank"]
[BlackTeam "Siemens Energy Duisburg"]
[WhiteTeamCountry "GER"]
[BlackTeamCountry "GER"]

1. e4 c5 2. Nf3 g6 3. c3 d5 4. e5 Nc6 5. d4 cxd4 6. cxd4 Bg4 7. Nbd2 Nh6 8. Nb3 Nf5 9. Be2 Bg7 10. O-O O-O 11. h3 Bxf3 12. Bxf3 Rc8 13. Bg5 h6 14. Be3 e6 15. Qd2 b6 16. Bg4 Nce7 17. Rac1 Qd7 18. Qb4 Nc6 19. Qd2 Nce7 20. Qb4 Nc6 21. Qd2 1/2-1/2

[Event "XXII. DBMM Schach"]
[Site "Dresden"]
[Date "2024.01.18"]
[Round "1.2"]
[Board "2"]
[White "Muranyi, Erich"]
[Black "Boettger, Bernd"]
[Result "1-0"]
[WhiteElo "1986"]
[BlackElo "1583"]
[Annotator "br"]
[PlyCount "81"]
[GameId "489223816402"]
[EventDate "2024.01.18"]
[EventType "team-swiss"]
[EventRounds "7"]
[EventCountry "GER"]
[Tiebreak "Buchholz"]
[SourceTitle "XXII. DBMM Schach"]
[Source "FV Schach e.V."]
[SourceDate "2024.01.21"]
[SourceVersion "1"]
[SourceVersionDate "2024.01.21"]
[SourceQuality "1"]
[WhiteTeam "Siemens Energy Duisburg"]
[BlackTeam "Berliner Volksbank"]
[WhiteTeamCountry "GER"]
[BlackTeamCountry "GER"]

1. e4 d5 2. exd5 Nf6 3. d4 Nxd5 4. Nf3 Bf5 5. Bc4 e6 6. O-O Be7 7. Bb3 c6 8. c4 Nb4 9. Be3 O-O 10. Nc3 Nd7 11. a3 Na6 12. Qe2 Bg4 13. h3 Bh5 14. Ne4 Nf6 15. Bc2 Nxe4 16. Bxe4 Bg6 17. Bxg6 hxg6 18. Rfd1 Bf6 19. Rd3 Qa5 20. Rad1 Rad8 21. Bf4 Qh5 22. Qe4 Qf5 23. Qxf5 gxf5 24. b4 Nb8 25. Kf1 g6 26. d5 exd5 27. cxd5 cxd5 28. Rxd5 Nc6 29. b5 Na5 30. Bg5 Bxg5 31. Nxg5 Rde8 32. Rd7 Re5 33. a4 f6 34. Nf3 Re4 35. Nd4 Rf7 36. Rd8+ Rf8 37. Rd6 Rf7 38. Rc1 Ree7 39. Ne6 Rd7 40. Rc8+ Kh7 41. Rxd7 1-0

[Event "XXII. DBMM Schach"]
[Site "Dresden"]
[Date "2024.01.18"]
[Round "1.3"]
[Board "3"]
[White "Von Schoening, Ulrich"]
[Black "Bauland, Thomas"]
[Result "0-1"]
[WhiteElo "1550"]
[BlackElo "1892"]
[Annotator "br"]
[PlyCount "98"]
[GameId "489223816403"]
[EventDate "2024.01.18"]
[EventType "team-swiss"]
[EventRounds "7"]
[EventCountry "GER"]
[Tiebreak "Buchholz"]
[SourceTitle "XXII. DBMM Schach"]
[Source "FV Schach e.V."]
[SourceDate "2024.01.21"]
[SourceVersion "1"]
[SourceVersionDate "2024.01.21"]
[SourceQuality "1"]
[WhiteTeam "Berliner Volksbank"]
[BlackTeam "Siemens Energy Duisburg"]
[WhiteTeamCountry "GER"]
[BlackTeamCountry "GER"]

1. c4 g6 2. g3 Bg7 3. Bg2 Nf6 4. Nc3 O-O 5. Nf3 d6 6. d3 Nbd7 7. O-O a6 8. Qc2 c5 9. e3 Rb8 10. Rb1 b5 11. b3 Qc7 12. Bb2 e6 13. Rfc1 b4 14. Ne2 Bb7 15. a4 Rbc8 16. Qd2 d5 17. Ne1 dxc4 18. Rxc4 Bxg2 19. Kxg2 Nb6 20. Rc2 Qb7+ 21. f3 Rfd8 22. Qc1 Nbd7 23. d4 cxd4 24. Nxd4 h5 25. Nc6 Re8 26. Nxb4 Rb8 27. Ba3 Bf8 28. Nc6 Rbc8 29. b4 Nd5 30. b5 N7f6 31. Bxf8 Kxf8 32. Nd3 axb5 33. axb5 Qb6 34. Kf2 Ra8 35. Nde5 Kg7 36. Nc4 Qc7 37. b6 Qxc6 38. b7 Rab8 39. Ne5 Qa6 40. Rc6 Qa2+ 41. Rb2 Qa3 42. Nc4 Qa7 43. Nd6 Red8 44. Rc8 Rxd6 45. Rxb8 Qxb8 46. Qc8 Rd8 47. Qc6 Ne8 48. Ra2 Nd6 49. Ra8 Qxb7 0-1